000 00323nam a22001337a 4500
008 170601b xxu||||| |||| 00| 0 eng d
020 _a9781557860675
041 _aeng
080 _a94(100)
100 _a17
101 _aSHH
245 _aCOERCION,CAPITAL, AND EUROPEAN STATES, AD 990-1990
_cTILLY, CH
942 _2udc
_cBK
999 _c15180
_d15180